English Premier League Teams 2018-19 - Statistics

General Stats
  • This quiz has been taken 173 times
  • The average score is 16 of 20
Answer Stats
Position Answer % Correct
Team Arsenal
100%
Team Manchester City
98%
Team Manchester United
98%
Team Liverpool
97%
Team Chelsea
95%
Team Tottenham Hotspurs
90%
Team Everton
89%
Team West Ham United
86%
Team Wolverhampton Wanderers
81%
Team Burnley
79%
Team Brighton & Hove Albion
78%
Team Leicester City
77%
Team Newcastle United
77%
Team Fulham
74%
Team Bournemouth
73%
Team Crystal Palace
71%
Team Southampton
71%
Team Cardiff City
70%
Team Watford
64%
Team Huddersfield Town
59%
No matching quizzes found
Score Distribution
Percent of People with Each Score
Percentile by Number Answered
Your Score History
You have not taken this quiz